[Event "Tournament"]
[Site "?"]
[Date "2015.01.10"]
[Round "3.5"]
[White "Martirosyan, Haik"]
[Black "Babujian, Levon"]
[Result "0-1"]
[WhiteElo "2389"]
[BlackElo "2479"]
[PlyCount "116"]
[EventDate "2015.??.??"]

1. d4 Nf6 2. Bg5 e6 3. Nc3 h6 4. Bxf6 Qxf6 5. e4 Bb4 6. Qd2 d6 7. a3 Ba5 8. Nf3
O-O 9. Bd3 Nc6 10. Bb5 Qg6 11. Qe3 e5 12. Bxc6 bxc6 13. O-O Bb6 14. Ne2 Bg4 15.
c3 Rfe8 16. Rfe1 d5 17. exd5 exd4 18. Qf4 Re4 19. Qg3 Rae8 20. Nexd4 Bxd4 21.
Rxe4 Qxe4 22. cxd4 Bxf3 23. gxf3 Qxd5 24. Qf4 Re6 25. Kh1 g5 26. Rg1 Kf8 27.
Qg4 Re2 28. Kg2 f5 29. Qh5 Kg7 30. Rd1 c5 31. Kg1 cxd4 32. h4 Re6 33. hxg5 hxg5
34. Kg2 g4 35. Qg5+ Kf7 36. Qh5+ Ke7 37. Qh7+ Kd6 38. Rc1 gxf3+ 39. Kg1 Re7 40.
Qh2+ Qe5 41. Qh6+ Re6 42. Qh7 c6 43. Qg8 Kc7 44. Kf1 Re7 45. Qa8 Qe2+ 46. Kg1
Qe4 47. Qxa7+ Kd6 48. Qb8+ Ke6 49. Kf1 Kf7 50. Qb3+ Kg7 51. Qb8 d3 52. Qg3+ Kf7
53. Qh3 Kg8 54. Qg3+ Kf8 55. Qh3 Rg7 56. Qh8+ Kf7 57. Qh5+ Kg8 58. Re1 Rg1+ 0-1

[Event "Tournament"]
[Site "?"]
[Date "2015.01.11"]
[Round "4.1"]
[White "Matviishen, Viktor"]
[Black "Babujian, Levon"]
[Result "1-0"]
[WhiteElo "2364"]
[BlackElo "2479"]
[PlyCount "63"]
[EventDate "2015.??.??"]

1. d4 Nf6 2. c4 e6 3. Nf3 c5 4. d5 b5 5. dxe6 fxe6 6. Nc3 bxc4 7. e4 d5 8. Bg5
Bb7 9. exd5 exd5 10. Bxf6 gxf6 11. Nh4 Qe7+ 12. Be2 Qe5 13. O-O Bd6 14. Nf3 Qe6
15. Re1 Be5 16. Nxe5 fxe5 17. Bg4 Qd6 18. f4 O-O 19. fxe5 Qh6 20. Bf3 Kh8 21.
e6 Re8 22. Bxd5 Nc6 23. Qe2 Re7 24. Qxc4 Rg8 25. Qxc5 Rg5 26. Qd6 Qh3 27. Kh1
Qd3 28. Rad1 Qa6 29. Qf4 h6 30. Qf6+ Kg8 31. Qxh6 Rgg7 32. Ne4 1-0

[Event "Tournament"]
[Site "?"]
[Date "2015.01.11"]
[Round "4.2"]
[White "Hayrapetyan, Hovik"]
[Black "Martirosyan, Haik"]
[Result "1-0"]
[WhiteElo "2451"]
[BlackElo "2389"]
[PlyCount "129"]
[EventDate "2015.??.??"]

1. c4 Nf6 2. Nf3 e6 3. b3 c5 4. Bb2 Be7 5. e3 O-O 6. g3 b6 7. Bg2 Bb7 8. O-O d5
9. Qe2 Nc6 10. d3 Qd7 11. Nc3 Rfd8 12. Rfd1 d4 13. exd4 Nxd4 14. Nxd4 cxd4 15.
Nb5 Bxg2 16. Kxg2 Bc5 17. Na3 Bxa3 18. Bxa3 Re8 19. Qf3 e5 20. Re1 Qc7 21. Re2
Rac8 22. Rae1 Nd7 23. Qd5 Nf6 24. Rxe5 Rxe5 25. Qxe5 Qc6+ 26. f3 Re8 27. Be7
Qd7 28. Kf2 h5 29. Re2 Qh3 30. Ke1 h4 31. Qg5 hxg3 32. Qxg3 Qf5 33. Re5 Rxe7
34. Rxe7 Qxd3 35. Re2 Qc3+ 36. Rd2 Nd7 37. Qd6 Qe3+ 38. Re2 Qg1+ 39. Kd2 Nf6
40. Qb8+ Kh7 41. Qe5 Qa1 42. Qf5+ g6 43. Qc2 Qh1 44. Qb2 Qg1 45. Kd3 Nd7 46. b4
Nf8 47. Qxd4 Qd1+ 48. Rd2 Qb1+ 49. Kc3 Ne6 50. Qd3 Qc1+ 51. Kb3 a5 52. a3 Qe1
53. Rd1 Qf2 54. Qc3 Qe2 55. Rd7 b5 56. cxb5 Qxb5 57. Rxf7+ Kg8 58. Re7 a4+ 59.
Kb2 Qe2+ 60. Qc2 Qe5+ 61. Ka2 Kf8 62. Rd7 Qb8 63. Rh7 Qd6 64. Qc8+ Nd8 65.
Qxd8+ 1-0

[Event "Tournament"]
[Site "?"]
[Date "2015.01.11"]
[Round "4.3"]
[White "Baghdasaryan, Vahe"]
[Black "Chigaev, Maksim"]
[Result "1/2-1/2"]
[WhiteElo "2372"]
[BlackElo "2494"]
[PlyCount "80"]
[EventDate "2015.??.??"]

1. e4 c6 2. c4 e5 3. Nc3 Nf6 4. f4 d5 5. fxe5 Nxe4 6. Nf3 Bb4 7. cxd5 cxd5 8.
Qa4+ Nc6 9. Bb5 O-O 10. Bxc6 Nc5 11. Qc2 bxc6 12. d4 Ne4 13. O-O Ba6 14. Re1
Bxc3 15. bxc3 Qa5 16. Bd2 h6 17. c4 Nxd2 18. Nxd2 dxc4 19. Ne4 Rad8 20. Qf2 c3
21. Rac1 c2 22. Nc5 Bc8 23. Rxc2 Qb4 24. Rd2 Rd5 25. h3 Bf5 26. Red1 Bg6 27.
Rb2 Qc4 28. Nb7 Qc3 29. Rb3 Qc2 30. Rd2 Qf5 31. Qxf5 Bxf5 32. Rc3 Rb8 33. Nd6
Bd7 34. Kf2 Rb4 35. Rc4 Rxc4 36. Nxc4 c5 37. dxc5 Rxc5 38. Rxd7 Rxc4 39. Rxa7
Rc5 40. Ke3 Rxe5+ {Ke4} 1/2-1/2

[Event "Tournament"]
[Site "?"]
[Date "2015.01.11"]
[Round "4.4"]
[White "Bernadskiy, Vitaliy"]
[Black "Alekseenko, Kirill"]
[Result "0-1"]
[WhiteElo "2556"]
[BlackElo "2499"]
[PlyCount "82"]
[EventDate "2015.??.??"]

1. e4 c5 2. Nf3 Nc6 3. d4 cxd4 4. Nxd4 Nf6 5. Nc3 d6 6. Bc4 e6 7. Be3 Be7 8.
Qe2 a6 9. O-O-O Nxd4 10. Bxd4 b5 11. Bb3 Bb7 12. a3 O-O 13. g4 Nd7 14. h4 Qc7
15. g5 Nc5 16. Ba2 Bc6 17. g6 fxg6 18. h5 Bg5+ 19. Kb1 Rae8 20. Qg4 Qe7 21.
hxg6 h6 22. f3 Nd7 23. Rh3 a5 24. Rdh1 b4 25. axb4 axb4 26. Ne2 Ne5 27. Bxe5
dxe5 28. Rh5 Bd7 29. Ng3 Ba4 30. Bc4 Rf4 31. Qh3 Qf6 32. Nf5 Kf8 33. Nd6 Rd8
34. Nf7 Rxf3 35. Nxd8 Rxh3 36. Nxe6+ Ke7 37. R5xh3 Bd7 38. Rf1 Qxg6 39. Nf8
Qxe4 40. Rd3 Bf5 41. Rdf3 Qxc2+ 0-1

[Event "Tournament"]
[Site "?"]
[Date "2015.01.11"]
[Round "4.5"]
[White "Petrosyan, Manuel"]
[Black "Harutyunian, Tigran"]
[Result "1/2-1/2"]
[WhiteElo "2413"]
[BlackElo "2439"]
[PlyCount "67"]
[EventDate "2015.??.??"]

1. c4 e6 2. g3 d5 3. Bg2 Nf6 4. Nf3 Be7 5. O-O O-O 6. b3 c5 7. cxd5 Nxd5 8. Bb2
b6 9. d4 cxd4 10. Nxd4 Bb7 11. Nd2 Nc6 12. Nc4 Rc8 13. Nf5 b5 14. Bxd5 exd5 15.
Ne5 Bf6 16. Nxc6 Bxc6 17. Bxf6 Qxf6 18. Nd4 Bd7 19. Qd2 h6 20. Rfc1 Qb6 21. a3
a5 22. Kg2 a4 23. bxa4 bxa4 24. Rab1 Qd6 25. Rxc8 Rxc8 26. Qe3 Qc5 27. Rd1 Re8
28. Qd3 Rb8 29. Qe3 Re8 30. Qc1 Qe7 31. Rd3 Qe4+ 32. f3 Qe7 33. Kf2 Qd6 34. Qd2
1/2-1/2

[Event "Tournament"]
[Site "?"]
[Date "2015.01.12"]
[Round "5.1"]
[White "Harutyunian, Tigran"]
[Black "Matviishen, Viktor"]
[Result "1-0"]
[WhiteElo "2439"]
[BlackElo "2364"]
[PlyCount "93"]
[EventDate "2015.??.??"]

1. c4 e5 2. Nc3 Nf6 3. Nf3 Nc6 4. e4 Bb4 5. d3 Bxc3+ 6. bxc3 d6 7. g3 O-O 8.
Bg2 h6 9. O-O Be6 10. h3 Nh7 11. Nh4 Qf6 12. Rb1 Rab8 13. Qe2 Ne7 14. f4 exf4
15. Bxf4 Qxc3 16. Rb3 Qa5 17. Rb5 Qa6 18. Qd2 f6 19. Nf5 Bxf5 20. exf5 b6 21.
Re1 Rbe8 22. Bf3 c6 23. Rbb1 Ng5 24. Bh5 Nf7 25. g4 Qb7 26. Re6 Nc8 27. Qe2
Rxe6 28. fxe6 Nh8 29. e7 Qxe7 30. Qxe7 Nxe7 31. Bxd6 g6 32. Bxe7 Re8 33. Bxf6
gxh5 34. gxh5 Nf7 35. Kf2 Ne5 36. Rd1 Kf7 37. Bh4 Nd7 38. Re1 Rxe1 39. Kxe1 Ke6
40. Ke2 c5 41. Ke3 Kf5 42. a4 Nf8 43. Bg3 Kg5 44. Ke4 Kxh5 45. Kd5 Kg5 46. Kc6
Kf5 47. Kb7 1-0

[Event "Tournament"]
[Site "?"]
[Date "2015.01.12"]
[Round "5.2"]
[White "Alekseenko, Kirill"]
[Black "Petrosyan, Manuel"]
[Result "1/2-1/2"]
[WhiteElo "2499"]
[BlackElo "2413"]
[PlyCount "80"]
[EventDate "2015.??.??"]

1. d4 Nf6 2. c4 e6 3. Nc3 Bb4 4. f3 d5 5. a3 Be7 6. e4 dxe4 7. fxe4 e5 8. d5
Ng4 9. Qf3 Bc5 10. h3 Nh2 11. Qg3 Nxf1 12. Qxe5+ Be7 13. Kxf1 O-O 14. Qf4 f6
15. Nf3 Bd6 16. Qh4 Nd7 17. Be3 Qe8 18. Kg1 b6 19. Bd4 Ba6 20. b3 Nc5 21. Rb1
Nd3 22. Rd1 Nc5 23. Nd2 Nd3 24. Qg4 Ne5 25. Qe2 Qg6 26. Nf3 Nxf3+ 27. Qxf3 Rae8
28. Kf2 f5 29. e5 Bxe5 30. Bxe5 Rxe5 31. Rhe1 Rfe8 32. Rxe5 Rxe5 33. Re1 Rxe1
34. Kxe1 Bc8 35. Nb5 Bd7 36. Nxa7 Qd6 37. b4 Qe5+ 38. Qe2 Qg3+ 39. Kf1 Qxa3 40.
Qe7 Qc1+ 1/2-1/2

[Event "Tournament"]
[Site "?"]
[Date "2015.01.12"]
[Round "5.3"]
[White "Chigaev, Maksim"]
[Black "Bernadskiy, Vitaliy"]
[Result "0-1"]
[WhiteElo "2494"]
[BlackElo "2556"]
[PlyCount "66"]
[EventDate "2015.??.??"]

1. e4 c6 2. d4 d5 3. e5 c5 4. c4 cxd4 5. Nf3 Bg4 6. cxd5 Qxd5 7. Nc3 Qa5 8.
Bb5+ Nc6 9. Bxc6+ bxc6 10. Qxd4 Bxf3 11. gxf3 e6 12. Bg5 Ne7 13. O-O Nf5 14.
Qe4 Rc8 15. Rfd1 Be7 16. Bxe7 Nxe7 17. b4 Qc7 18. Rac1 Qb8 19. Na4 O-O 20. Rd7
Ng6 21. Nc5 Rfd8 22. Rb7 Qa8 23. f4 Rd5 24. Rd7 Rd8 25. Rxd5 Rxd5 26. Qf3 Qd8
27. Nb7 Qe7 28. Na5 Nxe5 29. Qc3 Nd3 30. Nxc6 Qh4 31. Rf1 Qg4+ 32. Kh1 Nxf2+
33. Rxf2 Rd1+ 0-1

[Event "Tournament"]
[Site "?"]
[Date "2015.01.12"]
[Round "5.4"]
[White "Martirosyan, Haik"]
[Black "Baghdasaryan, Vahe"]
[Result "0-1"]
[WhiteElo "2389"]
[BlackElo "2372"]
[PlyCount "118"]
[EventDate "2015.??.??"]

1. Nf3 d5 2. c4 c6 3. e3 Nf6 4. Nc3 e6 5. Qc2 Bd6 6. b3 e5 7. cxd5 cxd5 8. Nb5
Nc6 9. Nxd6+ Qxd6 10. Bb2 O-O 11. d4 Nb4 12. Qd1 e4 13. Ne5 Ne8 14. a3 f6 15.
f4 fxe5 16. dxe5 Qc5 17. axb4 Qxe3+ 18. Be2 Nc7 19. g3 Ne6 20. Qd2 Qb6 21. Qxd5
Rd8 22. Qa5 Qe3 23. b5 b6 24. Qc3 Rd3 25. Qc1 Nxf4 26. gxf4 Bg4 27. Qxe3 Rxe3
28. O-O Rxe2 29. Ba3 Rc8 30. Rfe1 Rcc2 31. Rxe2 Rxe2 32. Bb4 Bh3 33. Re1 Rg2+
34. Kh1 Rf2 35. e6 Rxf4 36. Rd1 h5 37. Rd8+ Kh7 38. Rf8 Rxf8 39. Bxf8 Bxe6 40.
Bd6 Bxb3 41. Bb8 a5 42. bxa6 g5 43. Kg2 Kg6 44. Kf2 Kf5 45. Ke3 Bd5 46. h3 h4
47. Bd6 g4 48. hxg4+ Kxg4 49. a7 b5 50. Kd4 Bb7 51. Ke3 h3 52. Kf2 Ba8 53. Kg1
e3 54. Kh2 Kf3 55. Bb4 Ke4 56. Kxh3 Kd4 57. Kg3 Kc4 58. Be7 b4 59. Bf6 b3 0-1

[Event "Tournament"]
[Site "?"]
[Date "2015.01.12"]
[Round "5.5"]
[White "Babujian, Levon"]
[Black "Hayrapetyan, Hovik"]
[Result "1-0"]
[WhiteElo "2479"]
[BlackElo "2451"]
[PlyCount "71"]
[EventDate "2015.??.??"]

1. e4 c5 2. Nf3 e6 3. d4 cxd4 4. Nxd4 a6 5. Bd3 Nf6 6. O-O Qc7 7. Nd2 Nc6 8.
Nxc6 dxc6 9. a4 e5 10. Nc4 Bc5 11. Bg5 Bg4 12. Qe1 Rd8 13. b4 Bd4 14. Ra3 Qe7
15. Be2 Bxe2 16. Qxe2 Qxb4 17. Bxf6 gxf6 18. Rb3 Qe7 19. Na5 O-O 20. Nxb7 Ra8
21. Qh5 f5 22. Qxf5 Rab8 23. Na5 Rxb3 24. cxb3 Qd6 25. g3 Rb8 26. Kg2 c5 27.
Nc4 Qe7 28. Qf3 Qb7 29. Rb1 f5 30. exf5 e4 31. Qg4+ Kf8 32. Nd6 Qc6 33. Nxe4 c4
34. f6 Bxf6 35. Qf4 Rxb3 36. Rc1 1-0

[Event "Tournament"]
[Site "?"]
[Date "2015.01.13"]
[Round "6.1"]
[White "Matviishen, Viktor"]
[Black "Hayrapetyan, Hovik"]
[Result "0-1"]
[WhiteElo "2364"]
[BlackElo "2451"]
[PlyCount "76"]
[EventDate "2015.??.??"]

1. e4 g6 2. d4 Bg7 3. Nc3 c6 4. Bc4 b5 5. Bb3 a5 6. a3 e6 7. e5 f5 8. h4 a4 9.
Ba2 c5 10. dxc5 Bxe5 11. Nf3 Bxc3+ 12. bxc3 Qf6 13. O-O Nc6 14. Rb1 Qe7 15. Nd4
Nf6 16. Bf4 Ne4 17. Nxb5 O-O 18. Bd6 Qxh4 19. Bxf8 Kxf8 20. f3 Nxc5 21. Qd6+
Qe7 22. Qf4 Ba6 23. Nc7 Ra7 24. Nxa6 Rxa6 25. Rb5 Ra8 26. Rd1 Rc8 27. Qh6+ Kg8
28. Qe3 Nd8 29. Qd4 Nf7 30. Qb4 Rc7 31. Qd4 Rc8 32. Qb4 d6 33. Re1 Kg7 34. Qd4+
Qf6 35. Bxe6 Re8 36. Rxc5 dxc5 37. Qd7 Re7 38. Qd5 Ng5 0-1

[Event "Tournament"]
[Site "?"]
[Date "2015.01.13"]
[Round "6.2"]
[White "Baghdasaryan, Vahe"]
[Black "Babujian, Levon"]
[Result "1-0"]
[WhiteElo "2372"]
[BlackElo "2479"]
[PlyCount "89"]
[EventDate "2015.??.??"]

1. c4 Nf6 2. Nc3 g6 3. g3 Bg7 4. Bg2 O-O 5. e4 c5 6. Nge2 Nc6 7. O-O d6 8. d3
Nd4 9. Nxd4 cxd4 10. Ne2 Nd7 11. f4 a5 12. f5 a4 13. Bf4 Qb6 14. Bg5 Re8 15.
Nf4 e6 16. fxe6 fxe6 17. Nh5 gxh5 18. Qxh5 Rf8 19. e5 Nxe5 20. Be4 Ng6 21. Bxg6
hxg6 22. Qxg6 Ra5 23. Bh6 Qc7 24. Rxf8+ Kxf8 25. Qh7 Ke8 26. Bxg7 Rf5 27. Re1
e5 28. Qh6 Qf7 29. g4 Rf4 30. Bxe5 dxe5 31. Rxe5+ Kd7 32. Rd5+ Ke8 33. Qh8+ Qf8
34. Qe5+ Qe7 35. Qxf4 Qe1+ 36. Qf1 Qe3+ 37. Qf2 Qc1+ 38. Kg2 Bd7 39. Qe2+ Kd8
40. Rxd4 Kc8 41. Qf2 Bc6+ 42. Kg3 b6 43. Rd6 Kc7 44. Re6 Qd1 45. Rxc6+ 1-0

[Event "Tournament"]
[Site "?"]
[Date "2015.01.13"]
[Round "6.3"]
[White "Bernadskiy, Vitaliy"]
[Black "Martirosyan, Haik"]
[Result "1/2-1/2"]
[WhiteElo "2556"]
[BlackElo "2389"]
[PlyCount "130"]
[EventDate "2015.??.??"]

1. e4 c5 2. Nf3 Nc6 3. d4 cxd4 4. Nxd4 Qb6 5. Nb3 Nf6 6. Bd3 e6 7. O-O Be7 8.
Qe2 d6 9. Kh1 O-O 10. f4 Qc7 11. Nc3 a6 12. Bd2 b5 13. a3 Bb7 14. Rae1 b4 15.
axb4 Nxb4 16. Nb5 axb5 17. Bxb4 e5 18. c3 Rfb8 19. Bxb5 Nxe4 20. fxe5 dxe5 21.
Bd3 Nf6 22. Qxe5 Qxe5 23. Rxe5 Bxb4 24. cxb4 Bd5 25. Rxf6 Bxb3 26. Ra6 Rxa6 27.
Bxa6 f6 28. Re3 Bd5 29. Rd3 Rb6 30. Rxd5 Rxa6 31. h3 Kf7 32. Rd7+ Kg6 33. b5
Ra4 34. b6 Rb4 35. b7 h5 36. Kg1 Rxb2 37. Kf1 f5 38. Ke1 Kf6 39. Kd1 g5 40. Kc1
Rb5 41. Kd2 Ke6 42. Rh7 h4 43. Kd3 Ke5 44. Kc4 Rb1 45. Rd7 Ke6 46. Rg7 Ke5 47.
Rh7 Rc1+ 48. Kb5 Rb1+ 49. Kc6 Kf4 50. Rf7 Rc1+ 51. Kd5 Rb1 52. Kc6 Rc1+ 53. Kd6
Rb1 54. Kc6 Rc1+ 55. Kd7 Rb1 56. Kc7 Kg3 57. Rf6 Rxb7+ 58. Kxb7 f4 59. Rg6 Kxg2
60. Rxg5+ Kxh3 61. Rg8 f3 62. Rf8 Kg3 63. Rg8+ Kf4 64. Rf8+ Ke4 65. Rh8 Ke5
1/2-1/2

[Event "Tournament"]
[Site "?"]
[Date "2015.01.13"]
[Round "6.4"]
[White "Petrosyan, Manuel"]
[Black "Chigaev, Maksim"]
[Result "0-1"]
[WhiteElo "2413"]
[BlackElo "2494"]
[PlyCount "126"]
[EventDate "2015.??.??"]

1. d4 d6 2. e4 Nf6 3. Nc3 e5 4. Nf3 exd4 5. Nxd4 Be7 6. Bc4 O-O 7. Nde2 Re8 8.
O-O Nbd7 9. a4 c6 10. Ba2 Bf8 11. f3 Ne5 12. Kh1 Be6 13. Bg5 Bxa2 14. Rxa2 h6
15. Bh4 Ng6 16. Bf2 a6 17. a5 d5 18. Bb6 Qd6 19. exd5 cxd5 20. Ra4 Rac8 21. Rd4
Qc6 22. Nf4 Nxf4 23. Rxf4 Bc5 24. Bxc5 Qxc5 25. Ra4 Red8 26. Qd4 Qxd4 27. Rxd4
Rc5 28. Ra1 Rdc8 29. Kg1 Kf8 30. Kf2 Ke7 31. Ke2 Ke6 32. Kd3 Nd7 33. f4 Nf6 34.
Re1+ Kd6 35. g4 Rxa5 36. g5 hxg5 37. fxg5 Nd7 38. b4 Ne5+ 39. Ke2 Rxc3 40. bxa5
Rxc2+ 41. Kd1 Rxh2 42. Rb4 Nc4 43. Re2 Rxe2 44. Kxe2 Nxa5 45. Rb6+ Kc5 46. g6
fxg6 47. Rxg6 Nc6 48. Rxg7 b5 49. Kd2 a5 50. Kc2 a4 51. Kb2 b4 52. Rg8 d4 53.
Rg1 d3 54. Rc1+ Kb5 55. Rd1 Ne5 56. Ka2 b3+ 57. Kb2 Kb4 58. Ka1 a3 59. Kb1 Kc3
60. Rc1+ Kd4 61. Rh1 d2 62. Ka1 Nc4 63. Rb1 Ne3 0-1

[Event "Tournament"]
[Site "?"]
[Date "2015.01.13"]
[Round "6.5"]
[White "Harutyunian, Tigran"]
[Black "Alekseenko, Kirill"]
[Result "1/2-1/2"]
[WhiteElo "2439"]
[BlackElo "2499"]
[PlyCount "74"]
[EventDate "2015.??.??"]

1. Nf3 d5 2. g3 Nc6 3. d4 Bg4 4. Bg2 Qd7 5. O-O O-O-O 6. Nbd2 f6 7. b4 e5 8. b5
Nxd4 9. Nxd4 exd4 10. a4 Bd6 11. Nb3 Ne7 12. Qxd4 b6 13. Bf4 Bxf4 14. Qxf4 Bxe2
15. Rfe1 Ng6 16. Qb4 Bc4 17. Nd4 Rde8 18. Red1 Qe7 19. Qc3 Qc5 20. a5 Ne5 21.
axb6 axb6 22. Ra7 g5 23. Ne6 Rxe6 24. Ra8+ Kb7 25. Rxh8 Qxb5 26. Rxh7 Nc6 27.
Qa3 Nd4 28. c3 Qe8 29. h4 Re1+ 30. Rxe1 Qxe1+ 31. Kh2 Nf3+ 32. Bxf3 Qxf2+ 33.
Bg2 Bf1 34. Rxc7+ Kxc7 35. Qe7+ Kc6 36. Qe6+ Kc7 37. Qf7+ Kc8 1/2-1/2

[Event "Tournament"]
[Site "?"]
[Date "2015.01.14"]
[Round "7.1"]
[White "Alekseenko, Kirill"]
[Black "Matviishen, Viktor"]
[Result "1-0"]
[WhiteElo "2499"]
[BlackElo "2364"]
[PlyCount "130"]
[EventDate "2015.??.??"]

1. e4 c5 2. Nf3 d6 3. Bb5+ Nc6 4. O-O Bd7 5. Re1 a6 6. Bxc6 Bxc6 7. d4 cxd4 8.
Nxd4 Nf6 9. Nxc6 bxc6 10. Qf3 e5 11. Bg5 Be7 12. Nd2 O-O 13. Nc4 Qc7 14. Rad1
Rfd8 15. b3 Rd7 16. a4 h6 17. Bc1 Re8 18. Qf5 g6 19. Qf3 Kg7 20. Bb2 Bd8 21. h3
Re6 22. Qe3 d5 23. exd5 cxd5 24. Nxe5 Qxc2 25. Rd2 Qc7 26. Rc1 Qb7 27. Qf3 Rc7
28. Rcd1 d4 29. Rxd4 Qxf3 30. Nxf3 Rc2 31. R4d2 Rxd2 32. Rxd2 Bb6 33. b4 Kf8
34. Bxf6 Rxf6 35. a5 Bc7 36. Rc2 Bd6 37. Rc4 Re6 38. Kf1 Ke8 39. Nd4 Re5 40.
Nc2 Kd7 41. g3 h5 42. Rf4 Ke7 43. Rd4 Ke6 44. Ne3 Rb5 45. Re4+ Kd7 46. Nc2 f5
47. Rd4 Re5 48. f4 Re8 49. Kf2 Rc8 50. Ne3 Ke6 51. g4 hxg4 52. hxg4 fxg4 53.
Re4+ Kf7 54. Nc4 Bb8 55. Kg2 Kf6 56. Ne3 Rc1 57. Rd4 Re1 58. Nxg4+ Kf5 59. Nh6+
Ke6 60. Rd8 Bxf4 61. Re8+ Kd5 62. Rxe1 Bxh6 63. b5 axb5 64. a6 Kc6 65. Re7 Kd5
1-0

[Event "Tournament"]
[Site "?"]
[Date "2015.01.14"]
[Round "7.2"]
[White "Chigaev, Maksim"]
[Black "Harutyunian, Tigran"]
[Result "1-0"]
[WhiteElo "2494"]
[BlackElo "2439"]
[PlyCount "67"]
[EventDate "2015.??.??"]

1. f4 d5 2. Nf3 Nf6 3. g3 b6 4. Bg2 Bb7 5. O-O e6 6. d3 Nbd7 7. Nc3 Be7 8. Qe1
O-O 9. h3 Re8 10. g4 Bf8 11. a3 a5 12. Kh1 a4 13. Bd2 Qe7 14. Qh4 Nc5 15. Rae1
Red8 16. Nb5 Ne8 17. Qf2 Nd7 18. g5 c6 19. Nc3 Nd6 20. e4 dxe4 21. dxe4 Nc4 22.
Bc1 Qc5 23. Qh4 g6 24. e5 b5 25. Ne4 Qe7 26. Nf6+ Nxf6 27. gxf6 Qc5 28. f5 exf5
29. e6 fxe6 30. f7+ Kh8 31. Ng5 h5 32. Nxe6 Be7 33. Qf4 g5 34. Nxc5 1-0

[Event "Tournament"]
[Site "?"]
[Date "2015.01.14"]
[Round "7.3"]
[White "Martirosyan, Haik"]
[Black "Petrosyan, Manuel"]
[Result "0-1"]
[WhiteElo "2389"]
[BlackElo "2413"]
[PlyCount "94"]
[EventDate "2015.??.??"]

1. d4 Nf6 2. c4 e6 3. Nc3 Bb4 4. Qc2 O-O 5. Nf3 c5 6. dxc5 Na6 7. c6 bxc6 8. a3
Bxc3+ 9. Qxc3 Nc5 10. g3 Nce4 11. Qc2 Qa5+ 12. b4 Qf5 13. Bb2 Nxg3 14. Qxf5
Nxf5 15. Rg1 Kh8 16. c5 Ne8 17. e4 Ne7 18. Rd1 f6 19. a4 Rb8 20. Bc3 Nc7 21.
Bc4 Re8 22. h4 a5 23. bxa5 Na6 24. Ne5 fxe5 25. Bxe5 Ng6 26. Bxb8 Nxb8 27. Rb1
Ba6 28. Bxa6 Nxa6 29. Rb6 Ra8 30. Ke2 Kg8 31. h5 Nf4+ 32. Ke3 Nxh5 33. Kd4 Kf7
34. Rb7 e5+ 35. Kc4 Nf6 36. f4 exf4 37. e5 Nd5 38. Rxd7+ Ke6 39. Rgxg7 Ne3+ 40.
Kc3 Nxc5 41. Rd6+ Kxe5 42. Rxc6 Ne4+ 43. Kb3 Nf5 44. Rxh7 Nd4+ 45. Kc4 Nxc6 46.
Rh5+ Ke6 47. Rh6+ Nf6 {Kd4 Ke5+} 0-1

[Event "Tournament"]
[Site "?"]
[Date "2015.01.14"]
[Round "7.4"]
[White "Babujian, Levon"]
[Black "Bernadskiy, Vitaliy"]
[Result "1/2-1/2"]
[WhiteElo "2479"]
[BlackElo "2556"]
[PlyCount "119"]
[EventDate "2015.??.??"]

1. d4 f5 2. c4 Nf6 3. Nc3 d6 4. Nf3 g6 5. Bg5 Bg7 6. Bxf6 Bxf6 7. e4 fxe4 8.
Nxe4 Bg7 9. Bd3 O-O 10. h4 Nc6 11. h5 Bg4 12. hxg6 h6 13. Qd2 Bxf3 14. gxf3
Nxd4 15. O-O-O Rxf3 16. Ng3 Qf8 17. Nh5 Be5 18. g7 Qf4 19. Nxf4 Bxf4 20. Be4
Rxf2 21. Qxf4 Ne2+ 22. Kd2 Rxf4 23. Bd5+ e6 24. Rxh6 Kxg7 25. Rxe6 c6 26. Kxe2
cxd5 27. cxd5 Rf6 28. Re7+ Rf7 29. Re4 Rc8 30. Ke3 Rc2 31. Rd2 Rc1 32. Re6 Rf6
33. Re7+ Rf7 34. Rg2+ Kf8 35. Rxf7+ Kxf7 36. Rh2 Re1+ 37. Kd4 Rd1+ 38. Kc4 Rc1+
39. Kd4 Rd1+ 40. Kc4 Rc1+ 41. Kb3 Rg1 42. a3 Rg7 43. Rh8 Kf6 44. Kc4 Rg4+ 45.
Kd3 Rg2 46. b4 Rg3+ 47. Kc4 a6 48. Re8 Kf7 49. Re6 Rg6 50. Re4 Rg1 51. a4 Rc1+
52. Kb3 Rd1 53. Rc4 Kf6 54. Rc7 b5 55. a5 Ke5 56. Rc6 Kxd5 57. Rxa6 Rd3+ 58.
Kc2 Rh3 59. Rb6 Kc4 60. Rxd6 1/2-1/2

[Event "Tournament"]
[Site "?"]
[Date "2015.01.14"]
[Round "7.5"]
[White "Hayrapetyan, Hovik"]
[Black "Baghdasaryan, Vahe"]
[Result "1-0"]
[WhiteElo "2451"]
[BlackElo "2372"]
[PlyCount "59"]
[EventDate "2015.??.??"]

1. c4 e6 2. Nf3 b6 3. g3 Bb7 4. Bg2 f5 5. O-O Nf6 6. b3 Be7 7. Bb2 O-O 8. d4
Ne4 9. Nfd2 Bf6 10. Nxe4 fxe4 11. Nc3 d5 12. f3 Nc6 13. e3 exf3 14. Bxf3 Ne7
15. Ne2 Qd6 16. Nf4 Rae8 17. c5 Qd7 18. Ba3 e5 19. Bg4 Qc6 20. Ne6 h5 21. Nxf8
hxg4 22. cxb6 exd4 23. Rc1 Qb5 24. Ne6 dxe3 25. Rxf6 gxf6 26. Qxg4+ Kf7 27.
Nxc7 Qxb6 28. Qh5+ Kg7 29. Nxe8+ Kg8 30. Qg4+ 1-0

[Event "Tournament"]
[Site "?"]
[Date "2015.01.15"]
[Round "8.1"]
[White "Matviishen, Viktor"]
[Black "Baghdasaryan, Vahe"]
[Result "1-0"]
[WhiteElo "2364"]
[BlackElo "2372"]
[PlyCount "115"]
[EventDate "2015.??.??"]

1. e4 c5 2. Nf3 e6 3. d4 cxd4 4. Nxd4 Nf6 5. Bd3 Nc6 6. Nxc6 dxc6 7. O-O e5 8.
Bg5 h6 9. Bh4 g5 10. Bg3 Bd6 11. Nd2 Qe7 12. Nc4 Bc7 13. Ne3 h5 14. h3 h4 15.
Bh2 Rg8 16. Ng4 Bxg4 17. hxg4 O-O-O 18. Qe2 Qd7 19. Bc4 Rgf8 20. Rad1 Qxg4 21.
Rxd8+ Kxd8 22. Qd3+ Kc8 23. Qa3 Nd7 24. f3 Qh5 25. Rd1 Bb6+ 26. Kh1 h3 27. Qe7
Rd8 28. Bxf7 Qh4 29. g3 Qh7 30. Qe6 g4 31. Bg6 Qh6 32. f4 exf4 33. Qxg4 f3 34.
Bf5 Qe3 35. Bxd7+ Kb8 36. Qf4+ Qxf4 37. gxf4 f2 38. f5+ Ka8 39. Bg3 Rxd7 40.
Rf1 Rd4 41. f6 Rxe4 42. f7 Bc5 43. Rxf2 b5 44. f8=Q+ Bxf8 45. Rxf8+ Kb7 46. Kh2
c5 47. Kxh3 Ra4 48. a3 b4 49. axb4 cxb4 50. Kg2 a5 51. Kf3 Kc6 52. Ke3 Ra2 53.
Be5 a4 54. Kd3 Kd5 55. Bd4 a3 56. b3 Kc6 57. Rf2 Kb5 58. Rg2 1-0

[Event "Tournament"]
[Site "?"]
[Date "2015.01.15"]
[Round "8.2"]
[White "Bernadskiy, Vitaliy"]
[Black "Hayrapetyan, Hovik"]
[Result "0-1"]
[WhiteElo "2556"]
[BlackElo "2451"]
[PlyCount "86"]
[EventDate "2015.??.??"]

1. e4 c5 2. Nf3 e6 3. d4 cxd4 4. Nxd4 a6 5. Bd3 Nf6 6. O-O Qc7 7. Qe2 d6 8. f4
g6 9. f5 Bg7 10. fxe6 fxe6 11. Nc3 Nc6 12. Nxc6 Qxc6 13. Bf4 O-O 14. e5 Nh5 15.
Be3 Rxf1+ 16. Rxf1 Bxe5 17. Qf2 Qe8 18. g4 Nf6 19. Qh4 Nd5 20. Nxd5 exd5 21.
Bh6 Bd7 22. Rf8+ Qxf8 23. Bxf8 Rxf8 24. b3 Kg7 25. Be2 Bc6 26. g5 Rf4 27. Qh6+
Kg8 28. Qh3 Bd4+ 29. Kh1 Be3 30. Qe6+ Kg7 31. Kg2 d4+ 32. Kg3 Rf7 33. Qxd6 Bxg5
34. Qxd4+ Bf6 35. Qc5 h5 36. h3 Bd8 37. Kh2 Bh4 38. Qd4+ Bf6 39. Qc5 Re7 40.
Bxa6 Re1 41. Kg3 Re4 42. c3 Bh4+ 43. Kh2 Re1 0-1

[Event "Tournament"]
[Site "?"]
[Date "2015.01.15"]
[Round "8.3"]
[White "Petrosyan, Manuel"]
[Black "Babujian, Levon"]
[Result "1/2-1/2"]
[WhiteElo "2413"]
[BlackElo "2479"]
[PlyCount "105"]
[EventDate "2015.??.??"]

1. Nf3 c5 2. c4 Nc6 3. Nc3 g6 4. e3 Nf6 5. d4 cxd4 6. exd4 d5 7. cxd5 Nxd5 8.
Bc4 e6 9. O-O Bg7 10. Bxd5 exd5 11. Re1+ Be6 12. Bg5 Qd7 13. Ne5 Nxe5 14. dxe5
O-O 15. Qd2 Rfe8 16. Rad1 Rac8 17. Bf6 Bf8 18. h3 Rc6 19. Nb5 Rec8 20. Nd4 Rc4
21. Qe3 a6 22. Kh2 b5 23. Rd3 b4 24. Red1 Qe8 25. g4 Bd7 26. Nf5 Bxf5 27. gxf5
Re4 28. Qg3 Bh6 29. Rd4 Bf4 30. Qxf4 Rxf4 31. Rxf4 Qd7 32. Rd2 h6 33. h4 gxf5
34. Rxb4 Kh7 35. Kg2 Qc6 36. Rbd4 Rg8+ 37. Kf3 Qc1 38. Rxd5 Qe1 39. R5d4 Qf1
40. Rd1 Qg2+ 41. Ke2 Rg4 42. R1d3 Kg6 43. a3 Qc6 44. Rxg4+ fxg4 45. Rg3 Kf5 46.
b4 Qc1 47. Re3 Qc4+ 48. Ke1 h5 49. Rg3 Qe4+ 50. Kf1 Ke6 51. Kg1 Qe2 52. Re3
Qd1+ 53. Kg2 {Kxe5} 1/2-1/2